แสดงรายละเอียดบรรณานุกรม
  กลับหน้าหลัก

Brief Record : Get Marc (ISO 2709) : E-mail record : QR code ปิดหน้าต่าง
E-books : เกี่ยวกับ Collections
LEADER 00000nam 2200000uu 4500
001    212899
003     ULIBM
008    200618s||||||||th 000 0 tha d
020    ^a9789740336907
041    ^atha^beng
060 04 ^aWA400^bอ176ก 2561
100 0  ^aอนามัย ธีรวิโรจน์ เทศกะทึก
245 10 ^aการจัดบริการทางอาชีวอนามัยและสวัสดิการในสถานประกอบการ =^bOccupational health service and welfare in workplace /^cอนามัย ธีรวิโรจน์ เทศกะทึก.
246 31 ^aOccupational Health Service and Welfare in Workplace
250    ^aพิมพ์ครั้งที่ 1
260    ^aกรุงเทพฯ :^bสำนักพิมพ์แห่งจุฬาลงกรณ์มหาวิทยาลัย,^c2561
300    ^a428 หน้า :^bภาพประกอบ ;^c26 ซม.
650  4 ^aความปลอดภัยในการทำงาน
650  4 ^aบริการอาชีวอนามัย
650  4 ^aอนามัยสิ่งแวดล้อม
650  4 ^aอาชีวอนามัย
999    ^aใช้งานได้ทุกระบบ
รายการนี้ยังไม่มีแท็ก
คุณยังไม่ได้ล็อกอิน คุณสามารถมีกิจกรรมร่วมกับเว็บไซต์ได้ แต่ต้องล็อกอินก่อน ::
  ล็อกอิน
ลำดับที่ ประเภท เลขเรียก สถานที่ สถานะ
1. การพยาบาล (ตำราหลัก)
การพยาบาล (ตำราหลัก)
WA400 อ176ก 2561 ฉ.1 
  
การพยาบาลชุมชน On Shelf
  ขอยืม
Note:จัดซื้อปีงบประมาณ 2563
2. การพยาบาล (ตำราหลัก)
การพยาบาล (ตำราหลัก)
WA400 อ176ก 2561 ฉ.2 
  
การพยาบาลชุมชน On Shelf
  ขอยืม
Note:จัดซื้อปีงบประมาณ 2563
3. การพยาบาล (ตำราหลัก)
การพยาบาล (ตำราหลัก)
WA400 อ176ก 2561 ฉ.3 
  
การพยาบาลชุมชน On Shelf
  ขอยืม
Note:จัดซื้อปีงบประมาณ 2563
4. การพยาบาล (ตำราหลัก)
การพยาบาล (ตำราหลัก)
WA400 อ176ก 2561 ฉ.4 
  
การพยาบาลชุมชน On Shelf
  ขอยืม
Note:จัดซื้อปีงบประมาณ 2563
5. การพยาบาล (ตำราหลัก)
การพยาบาล (ตำราหลัก)
WA400 อ176ก 2561 ฉ.5 
  
การพยาบาลชุมชน On Shelf
  ขอยืม
Note:จัดซื้อปีงบประมาณ 2563
6. การพยาบาล (ตำราหลัก)
การพยาบาล (ตำราหลัก)
WA400 อ176ก 2561 ฉ.6 
  
การพยาบาลชุมชน On Shelf
  ขอยืม
Note:จัดซื้อปีงบประมาณ 2563
7. การพยาบาล (ตำราหลัก)
การพยาบาล (ตำราหลัก)
WA400 อ176ก 2561 ฉ.7 
  
การพยาบาลชุมชน On Shelf
  ขอยืม
Note:จัดซื้อปีงบประมาณ 2563
8. การพยาบาล (ตำราหลัก)
การพยาบาล (ตำราหลัก)
WA400 อ176ก 2561 ฉ.8 
  
การพยาบาลชุมชน On Shelf
  ขอยืม
Note:จัดซื้อปีงบประมาณ 2563
9. การพยาบาล (ตำราหลัก)
การพยาบาล (ตำราหลัก)
WA400 อ176ก 2561 ฉ.9 
  
การพยาบาลชุมชน On Shelf
  ขอยืม
Note:จัดซื้อปีงบประมาณ 2563
10. การพยาบาล (ตำราหลัก)
การพยาบาล (ตำราหลัก)
WA400 อ176ก 2561 ฉ.10 
  
การพยาบาลชุมชน On Shelf
  ขอยืม
Note:จัดซื้อปีงบประมาณ 2563
   [แสดง 10/10 รายการ]

รายการใกล้เคียง
    หัวเรื่อง [ความปลอดภัยในการทำงาน]
    หัวเรื่อง [อนามัยสิ่งแวดล้อม]
    หัวเรื่อง [อาชีวอนามัย]

BibComment


ยังไม่เคยถูกคอมเมนท์

คอมเมนท์ทรัพยากรรายการนี้
  คอมเมนท์: การจัดบริการทางอ..
Bib 212899

 
 
 

 Union Library Management : ULibM
Copyright 2026. All Rights Reserved.
скачать бесплатно без регистрации порно красивый секс HD Sex Hindi sex

xxx gou

xxxx

bfxxx

xxxwww

Секса Видео

xxxx

Секса Видео

detube

geilexxx

C99 Shell

worms shell

blod xxx video
Ebony Coed Rihanna Rimes Takes A Dick In Her Young Twat priyaa indian fuck anal and pusssy hardcore indian women xxx desi hardcore fucking part 1 bengalixxxcouple